000 00379cam a22001217a 4500
008 180718b1972 xxu||||| |||| 00| 0 eng d
082 _aA81x54 In2/71/3/Pt 2 A
100 _aCensus of India 1971
245 _aAssam: general population tables
260 _aDelhi
_bThe Manager of Publications
_c1972
300 _a212+p.
440 _aCensus of India 1971. Series-3, Assam. Part II-A
999 _c484893
_d484893